[Event "Morava-ch U14"]
[Site "Bystrice nad Pernstejnem"]
[Date "2024.10.30"]
[Round "6"]
[White "Knapek, Jan"]
[Black "Belocky, Daniel"]
[Result "1-0"]
[WhiteElo "1910"]
[BlackElo "1719"]
[PlyCount "87"]
[EventDate "2024.10.26"]
[EventType "swiss"]
[EventRounds "9"]
[EventCountry "CZE"]
[SourceTitle "CB45_2024"]
[Source "ChessBase"]
[SourceDate "2024.11.06"]
[SourceVersion "1"]
[SourceVersionDate "2024.11.06"]
[SourceQuality "1"]

1. e4 e6 2. d4 d5 3. Nc3 Bb4 4. Nge2 dxe4 5. a3 Bxc3+ 6. Nxc3 Nf6 7. Bg5 h6 8. Bxf6 Qxf6 9. Nxe4 Qe7 10. Qf3 Nd7 11. Bd3 c6 12. Qg3 0-0 13. h4 e5 14. 0-0-0 exd4 15. Rhe1 Qe5 16. f4 Qc7 17. Qf3 f5 18. Bc4+ Kh8 19. Ng5 Nf6 20. Rxd4 c5 21. Rd3 Rb8 22. Rde3 Ne4 23. Nxe4 fxe4 24. Rxe4 Bd7 25. Re7 Rbe8 26. Bb5 Qa5 27. Bxd7 Qxe1+ 28. Rxe1 Rxe1+ 29. Kd2 Re7 30. Bb5 Rd8+ 31. Kc3 a6 32. Bd3 b5 33. Qh5 c4 34. Bf5 a5 35. b4 Re3+ 36. Kb2 Rd6 37. Qf7 Rf6 38. Qd7 Rf8 39. Qxb5 axb4 40. axb4 c3+ 41. Kb3 Rg3 42. Qc5 Re8 43. Qxc3 Rxc3+ 44. Kxc3 1-0

[Event "Morava-ch U14"]
[Site "Bystrice nad Pernstejnem"]
[Date "2024.10.27"]
[Round "2"]
[White "Knapek, Jan"]
[Black "Spetlova, Stella"]
[Result "1-0"]
[WhiteElo "1910"]
[BlackElo "1464"]
[PlyCount "41"]
[EventDate "2024.10.26"]
[EventType "swiss"]
[EventRounds "9"]
[EventCountry "CZE"]
[SourceTitle "CB45_2024"]
[Source "ChessBase"]
[SourceDate "2024.11.06"]
[SourceVersion "1"]
[SourceVersionDate "2024.11.06"]
[SourceQuality "1"]

1. e4 c6 2. Nf3 d5 3. Nc3 dxe4 4. Nxe4 Bf5 5. Ng3 Bg6 6. Bc4 e6 7. Ne5 Nf6 8. d3 Bd6 9. Nxg6 hxg6 10. Bg5 Qa5+ 11. Bd2 Qc7 12. Qf3 c5 13. Bb5+ Nbd7 14. Bc3 Ke7 15. Bxd7 Qxd7 16. Ne4 Nxe4 17. dxe4 f6 18. 0-0-0 Qc6 19. Qg4 g5 20. e5 Bc7 21. h4 1-0

[Event "Jesenik op-B"]
[Site "Jesenik"]
[Date "2024.08.19"]
[Round "3"]
[White "Knapek, Jan"]
[Black "Nespor, Ivan"]
[Result "1-0"]
[WhiteElo "1634"]
[BlackElo "1766"]
[PlyCount "115"]
[EventDate "2024.08.17"]
[EventType "swiss"]
[EventRounds "9"]
[EventCountry "CZE"]
[SourceTitle "EXT 2025"]
[Source "ChessBase"]
[SourceDate "2024.10.14"]
[SourceVersion "1"]
[SourceVersionDate "2024.10.14"]
[SourceQuality "1"]

1. e4 b6 2. d4 Bb7 3. Nc3 e6 4. f4 Bb4 5. Bd3 Nf6 6. Qe2 d5 7. e5 Ne4 8. Qg4 g6 9. Nge2 c5 10. a3 Bxc3+ 11. bxc3 c4 12. Bxe4 dxe4 13. Be3 Nc6 14. Bf2 f5 15. Qh3 Qd7 16. Bh4 Ne7 17. Bf6 0-0 18. Bxe7 Qxe7 19. Kf2 Rfd8 20. Ke3 Rd5 21. Rhb1 Kg7 22. g4 Rf8 23. gxf5 Rxf5 24. Ng3 Rf8 25. Nxe4 Rd7 26. Ng5 Kh8 27. Nxe6 Rg8 28. Ng5 Bd5 29. Re1 Re8 30. Qg3 h6 31. Nh3 Qf7 32. Rg1 Re6 33. Qh4 Kg7 34. Qg4 Kh7 35. Raf1 Qf5 36. Qxf5 gxf5 37. Rg3 Be4 38. Kd2 b5 39. Nf2 Bd5 40. Nd1 Be4 41. Ne3 Ra6 42. Ra1 Ra4 43. Rgg1 Ra6 44. a4 b4 45. cxb4 Rxd4+ 46. Kc3 Rd8 47. b5 Rb6 48. Nxc4 Rc8 49. Kb4 Re6 50. c3 Bd3 51. Nd6 a5+ 52. Kb3 Rxd6 53. exd6 Rd8 54. Rad1 Rxd6 55. c4 Rd4 56. Kc3 Rxc4+ 57. Kxd3 Rxa4 58. Ke3 1-0

[Event "Jesenik op-B"]
[Site "Jesenik"]
[Date "2024.08.17"]
[Round "1"]
[White "Knapek, Jan"]
[Black "Tillmann, Tomas"]
[Result "1-0"]
[WhiteElo "1634"]
[BlackElo "1885"]
[PlyCount "69"]
[EventDate "2024.08.17"]
[EventType "swiss"]
[EventRounds "9"]
[EventCountry "CZE"]
[SourceTitle "EXT 2025"]
[Source "ChessBase"]
[SourceDate "2024.10.14"]
[SourceVersion "1"]
[SourceVersionDate "2024.10.14"]
[SourceQuality "1"]

1. b4 c6 2. Bb2 a5 3. b5 cxb5 4. Nc3 b4 5. Ne4 d5 6. Ng3 Nc6 7. e3 e5 8. Nf3 Bd6 9. Bb5 Qc7 10. 0-0 Bd7 11. e4 d4 12. Re1 Nf6 13. Bxc6 Qxc6 14. Nxd4 Bg4 15. Qc1 Qc5 16. Ndf5 Bxf5 17. Nxf5 Bf8 18. d4 exd4 19. Bxd4 Qc6 20. Qg5 0-0-0 21. Qe3 Rg8 22. c3 Kb8 23. Bb6 Rc8 24. Bxa5 bxc3 25. Qf4+ Ka8 26. Bxc3 Ba3 27. Be5 g5 28. Qf3 Bc5 29. Rac1 g4 30. Qc3 Qb6 31. Qd2 Bb4 32. Qb2 Qa5 33. Rb1 Nd7 34. Bg3 Rc4 35. a3 1-0

[Event "CZE-ch U12"]
[Site "Luhacovice"]
[Date "2022.03.14"]
[Round "3"]
[White "Vana, Jan1"]
[Black "Knapek, Jan"]
[Result "1-0"]
[WhiteElo "1609"]
[BlackElo "1340"]
[PlyCount "61"]
[EventDate "2022.03.12"]
[EventType "swiss"]
[EventRounds "9"]
[EventCountry "CZE"]
[SourceTitle "EXT 2023"]
[Source "ChessBase"]
[SourceDate "2022.10.05"]
[SourceVersion "1"]
[SourceVersionDate "2022.10.05"]
[SourceQuality "1"]

1. e4 c5 2. b3 d6 3. Bb2 Nf6 4. Nc3 g6 5. f4 Bg7 6. Bb5+ Bd7 7. Bxd7+ Nbxd7 8. Qf3 Qc7 9. Nge2 Qc6 10. 0-0-0 b5 11. g4 e6 12. d4 c4 13. d5 Qc5 14. dxe6 fxe6 15. Nxb5 Qxb5 16. Nd4 Qb6 17. Nxe6 Bf8 18. e5 Rc8 19. exf6 Kf7 20. Ng5+ Ke8 21. Rhe1+ Kd8 22. Ne6+ Ke8 23. f7+ Ke7 24. Nxf8+ Kxf8 25. Re8+ Kxf7 26. Rxh8 Rc7 27. Qd5+ Ke7 28. Re1+ Ne5 29. Rxe5+ dxe5 30. Rxh7+ Kf8 31. Qd8# 1-0

[Event "CZE-ch U12"]
[Site "Luhacovice"]
[Date "2022.03.13"]
[Round "2"]
[White "Knapek, Jan"]
[Black "Ruzicka, Oto"]
[Result "1-0"]
[WhiteElo "1340"]
[BlackElo "1233"]
[PlyCount "43"]
[EventDate "2022.03.12"]
[EventType "swiss"]
[EventRounds "9"]
[EventCountry "CZE"]
[SourceTitle "EXT 2023"]
[Source "ChessBase"]
[SourceDate "2022.10.05"]
[SourceVersion "1"]
[SourceVersionDate "2022.10.05"]
[SourceQuality "1"]

1. e4 e5 2. Nf3 Nc6 3. d4 exd4 4. Nxd4 Nf6 5. Nc3 Bb4 6. Nxc6 bxc6 7. Bd3 d6 8. 0-0 0-0 9. h3 Be6 10. Bg5 Re8 11. f4 Bc5+ 12. Kh1 Be3 13. Qe1 Bd4 14. e5 dxe5 15. fxe5 h6 16. Bxh6 gxh6 17. Rxf6 Bd7 18. Qg3+ Kf8 19. Qg6 Be6 20. Bf5 Ke7 21. Rxe6+ fxe6 22. Qg7# 1-0